| 000 | 00694nam a2200217Ia 4500 | ||
|---|---|---|---|
| 999 |
_c4864 _d4864 |
||
| 003 | GCL | ||
| 005 | 20240530095210.0 | ||
| 008 | 140319s9999 xx 000 0 ara d | ||
| 020 | _a3141510977 | ||
| 040 |
_aGCL / _cGCL |
||
| 082 | 0 | 4 |
_a796.0456 _bا ق |
| 100 | 1 | _aاسامة رياض | |
| 245 | 1 | 2 |
_aالقياس والتاهيل الحركى للمعاقين / _cاسامة رياض |
| 250 | _aالاولى | ||
| 260 |
_aالقاهرة : _bدار الفكر العربى ، _c2001 |
||
| 300 |
_a214 ص ؛ _c24 سم |
||
| 650 | 0 | 4 | _aالرياضة البدنية الطبية |
| 650 | 0 | 4 | _aالمعوقون - تدريب |
| 650 | 0 | 4 | _aالمعوقون - الرياضة |
| 942 |
_2ddc _cBK |
||